000 00882nam a22002417a 4500
999 _c12344
_d12344
003 AR-CdUCM
008 190228b ||||| |||| 00| 0 spa d
040 _aMUNICIPALIDAD PROVINCIAL DEL CUSCO
_cBIBLIOTECA MUNICIPAL DEL CUSCO
082 _aC / 985.0191 /
_bP78
100 _aPorras Barnechea, Raul
_97132
245 _aLos Cronistas del Perú /
_cPorras Barnechea, Raul
260 _aLima :
_bSan Martin y Cia,
_c1962.
300 _a439 paginas ;
_c23cm.
440 _aBanco del Credito del Perú.
_97133
500 _aMinisterio de Educación
505 _aCronistas del descubrimiento -- La crónica soldadesca -- Los cronistas de indias -- Los cronistas de las guerras civiles...
650 _aCronistas del Perú
_91576
650 _aHistoria
_9136
650 _aEnsayos.
_9375
650 _aCronistas del Perú
_91576
942 _2ddc
_cLIBROS
945 _awfj
_d2019-04-08